| 000 | 00360 a2200157 4500 | ||
|---|---|---|---|
| 001 | 76070 | ||
| 020 | _a9788583820352 | ||
| 040 | _cAnchieta - Colégio São Paulo | ||
| 100 | _aCardoso, Beth | ||
| 240 | 1 | 0 |
_aTodo mundo é misturado _lpor |
| 245 | 1 | 0 | _aTodo mundo é misturado |
| 300 | _a105 | ||
| 362 | 0 | _a2016 | |
| 650 | 4 | _aLiteratura juvenil | |
| 942 | _cBK | ||
| 999 |
_c76070 _d76070 |
||